| 000 | 01698cam a2200373 i 4500 | ||
|---|---|---|---|
| 003 | EG-GICUC | ||
| 005 | 20260324082124.0 | ||
| 008 | 111003s2011 enk frb 001 0 eng d | ||
| 020 |
_a9780199574711 _qpbk. : alk. paper |
||
| 020 |
_a0199574715 _qpbk. : alk. paper |
||
| 040 |
_aUKMGB _cUKMGB _dUAB _dBTCTA _dUKWOH _dYDXCP _dCDX _dBWK _dWCL _dDLC _dEG-GICUC _beng _erda |
||
| 043 | _ae-uk-en | ||
| 050 | 0 | 0 |
_aKD680 _b.C53 2011 |
| 082 | 0 | 0 |
_a341.84 _221 |
| 092 | 0 | 4 | _221 |
| 099 | _aLaw 12 2011 | ||
| 100 | 1 |
_aClarkson, C. M. V. _q(Christopher M. V.) |
|
| 245 | 1 | 4 |
_aThe conflict of laws / _cC.M.V. Clarkson, Jonathan Hill. |
| 250 | _a4th edition. | ||
| 264 |
_aOxford ; _aNew York : _bOxford University Press, _c2011. |
||
| 300 |
_axliv, 538 pages ; _c25 cm. |
||
| 336 |
_atext _2rdacontent |
||
| 337 |
_aComputer _2rdamedia |
||
| 338 |
_aOnline Resource _2rdacarrier |
||
| 500 | _aPrevious ed.: 2006. | ||
| 504 | _aIncludes bibliographical references and index. | ||
| 505 | 0 | 0 | _aIntroduction -- Civil jurisdiction -- Foreign judgments -- Contractual obligations -- Non-contractual obligations -- Domicile, nationality and habitual residence -- Marriage -- Matrimonial causes -- Property. |
| 520 | 8 | _aThis fourth edition covers traditional and new topics taught on international law courses, reflecting the profound changes that the subject has undergone in recent decades. Focusing on key principles in an engaging and approachable style, this text is essential for international law students. | |
| 650 | 0 |
_aConflict of laws _zEngland. |
|
| 700 | 1 |
_aHill, Jonathan, _d1961- |
|
| 856 | 4 | 0 | _uhttps://fll.law.cu.edu.eg/fulltext/bks/ENGB12-00100.pdf |
| 905 | _a10 | ||
| 942 |
_2ddc _cBK _e21 _n0 |
||
| 999 |
_c66571 _d66571 |
||